Eating grass : (Record no. 15602)

000 -LEADER
fixed length control field 01570cam a2200277 i 4500
001 - CONTROL NUMBER
control field 17259324
003 - CONTROL NUMBER IDENTIFIER
control field NUST
005 - DATE AND TIME OF LATEST TRANSACTION
control field 20170609135606.0
008 - FIXED-LENGTH DATA ELEMENTS--GENERAL INFORMATION
fixed length control field 120417t20122012caub b 001 0 eng c
010 ## - LIBRARY OF CONGRESS CONTROL NUMBER
LC control number 2012015835
020 ## - INTERNATIONAL STANDARD BOOK NUMBER
International Standard Book Number 9789382264620(cloth : alk. paper)
040 ## - CATALOGING SOURCE
Original cataloging agency CSt/DLC
Language of cataloging eng
Transcribing agency CSt
Description conventions rda
Modifying agency DLC
042 ## - AUTHENTICATION CODE
Authentication code pcc
043 ## - GEOGRAPHIC AREA CODE
Geographic area code a-pk---
050 00 - LIBRARY OF CONGRESS CALL NUMBER
Classification number U264.5.P18
Item number K43 2012
082 00 - DEWEY DECIMAL CLASSIFICATION NUMBER
Classification number 623.45119095491
Edition number 23
Author Mark KHA 2013
100 1# - MAIN ENTRY--PERSONAL NAME
Personal name Khan, Feroz Hassan,
Dates associated with a name 1952-
Relator term author.
9 (RLIN) 2424
245 10 - TITLE STATEMENT
Title Eating grass :
Remainder of title the making of the Pakistani bomb /
Statement of responsibility, etc. Feroz Hassan Khan.
300 ## - PHYSICAL DESCRIPTION
Extent xxv, 520 pages :
Other physical details map ;
Dimensions 24 cm
500 ## - GENERAL NOTE
General note Photocopy
504 ## - BIBLIOGRAPHY, ETC. NOTE
Bibliography, etc. note Includes bibliographical references (pages 399-491) and index.
505 0# - FORMATTED CONTENTS NOTE
Formatted contents note Atoms for peace at crossroads of history -- Ayub's non-decision and the nuclear bomb option -- Never again -- The route to nuclear ambition -- Punishing Pakistan -- Mastery of uranium enrichment -- Procurement network in the gray market -- Building the bomb -- Mastery of plutonium production -- Military crises and nuclear signalling -- Pakistan's missile quest -- The grazing horse in the meadows -- The nuclear test decision -- The dawn of a nuclear power -- A shaky beginning : Kargil and its aftermath -- Establishment of robust command and control -- Testing the deterrent -- The unraveling of the Khan network -- Nuclear Pakistan and the world.
650 #0 - SUBJECT ADDED ENTRY--TOPICAL TERM
Topical term or geographic name entry element Nuclear weapons
Geographic subdivision Pakistan
General subdivision History.
9 (RLIN) 2425
651 #0 - SUBJECT ADDED ENTRY--GEOGRAPHIC NAME
Geographic name Pakistan
General subdivision Military policy.
9 (RLIN) 2426
906 ## - LOCAL DATA ELEMENT F, LDF (RLIN)
a 7
b cbc
c orignew
d 1
e ecip
f 20
g y-gencatlg
942 ## - ADDED ENTRY ELEMENTS (KOHA)
Source of classification or shelving scheme
Koha item type Book
Holdings
Withdrawn status Lost status Source of classification or shelving scheme Damaged status Not for loan Collection code Permanent Location Current Location Shelving location Date acquired Total Checkouts Full call number Barcode Date last seen Price effective from Koha item type Date last checked out
            Centre for International Peace & Stability (CIPS) Centre for International Peace & Stability (CIPS) General Stacks 09/27/2013   623.45119095491 KHA 2013 CIPS0001219 12/06/2013 12/06/2013 Book  
            Centre for International Peace & Stability (CIPS) Centre for International Peace & Stability (CIPS) General Stacks 02/09/2017 1 623.45119095491 KHA 2013 CIPS0002868 11/05/2021 06/09/2017 Book 10/01/2021
© 2023 Central Library, National University of Sciences and Technology. All Rights Reserved.